000 00830nam a2200241Ia 4500
005 20150204145812.0
010 _aBAC-EN21 ENG-111884
020 _a9788131522899
_c495.00
020 _a813152289X
_c495.00
035 _aB-586911-941 EN-95416
037 _bAsian Book Centre/Ven
037 _bDBAD/PUB
082 _a530
100 _aSharma, B.M.
245 _aPhysics for JEE (advanced) :
_bmechanics I /
_cby B.M. Sharma
250 _a2nd ed
260 _c2014
_aDelhi
_bCengage Learning
270 _a418, F.I.E. Patparganj
_bDelhi
_e110092
300 _c27cm(pbk)
_avarious pagings
_bill.
490 _aCengage Learning's exam crack series
942 _cEN
_2ddc
_h530
_mSHA
999 _c87962
_d87962